000 00455nam a2200145Ia 4500
008 231217s9999 xx 000 0 und d
041 _aEnglish
082 _a332.4 GOP;1
100 _aGopalan, Santhana Rao, A K S for.
245 0 _aIndian money market : structure, operation and development
260 _c2001
_bNew Delhi : Deep and Deep Pub.,
300 _axv+288
650 _aIndian,money,market,:,structure,,operation,development
942 _cAA
999 _c169237
_d169237